| 000 | 00569cam a22001577a 4500 | ||
|---|---|---|---|
| 008 | 180718b2014 xxu||||| |||| 00| 0 eng d | ||
| 020 | _a9781783509393 | ||
| 082 | _aI513 Z2/10 | ||
| 245 |
_aEmotions and the organizational fabric , vol. 10 _cedited by Neal M. Ashkanasy , Wilfred J. Zerbe and Charmine E.J. Hartel |
||
| 260 |
_aIndia _bEmerald _c2014 |
||
| 300 | _a397p. | ||
| 650 | _aOrganizational behavior | ||
| 650 | _aPsychology, Industrial | ||
| 650 | _aWork -- Psychological aspects | ||
| 700 | _aAshkanasy, Neal M. , Zerbe, Wilfred J. and Hartel, Charmine E.J. | ||
| 999 |
_c445536 _d445536 |
||